书目信息 |
| 题名: |
纤维光学的物理基础
|
|
| 作者: | 徐大雄 编 | |
| 分册: | ||
| 出版信息: | 北京 高等教育出版社 1982 |
|
| 页数: | 114页 | |
| 开本: | 19cm | |
| 丛书名: | 高等学校物理学小丛书 | |
| 单 册: | ||
| 中图分类: | TN25 | |
| 科图分类: | ||
| 主题词: | 波导光学 , 集成光学 | |
| 电子资源: | ||
| ISBN: | ||
| 000 | 00638nam0 2200229 45 | |
| 001 | 0405191714 | |
| 005 | 20060220163248.50 | |
| 010 | @dCNY0.49 | |
| 091 | @a13010.0783 | |
| 100 | @a20040519d1982 km y0chiy0120 ea | |
| 101 | 0 | @achi |
| 200 | 1 | @a纤维光学的物理基础@Axian wei guang xue de wu li ji chu@f徐大雄编@FXu Da Xiong Bian |
| 210 | @a北京@c高等教育出版社@d1982 | |
| 215 | @a114页@d19cm | |
| 225 | @a高等学校物理学小丛书 | |
| 410 | @12001 @a高等学校物理学小丛书 | |
| 606 | 0 | @a波导光学 |
| 606 | 0 | @a集成光学 |
| 690 | @aTN25@v3 | |
| 701 | 0 | @a徐大雄@4编 |
| 801 | @aCN@bTSTCL@c20060220 | |
| 905 | @f1@b121524@f1@b121527@dTN25@e25 | |
| 纤维光学的物理基础/徐大雄编.-北京:高等教育出版社,1982 |
| 114页;19cm.-(高等学校物理学小丛书) |
| ISBN :CNY0.49 |
| ● |
| 相关链接 |
|
|
|
|
正题名:纤维光学的物理基础
索取号:TN25/25
 
预约/预借
| 序号 | 登录号 | 条形码 | 馆藏地/架位号 | 状态 | 备注 |
| 1 | 0099826 | 202193045 | 密集书库/ [索取号:TN25/25] | 在馆 | |
| 2 | 0099827 | 202192634 | 密集书库/ [索取号:TN25/25] | 在馆 | |
| 3 | 0099828 | 202192849 | 密集书库/ [索取号:TN25/25] | 在馆 | |
| 4 | 0099829 | 202192885 | 密集书库/ [索取号:TN25/25] | 在馆 | |
| 5 | 0121523 | 202192929 | 密集书库/ [索取号:TN25/25] | 在馆 | |
| 6 | 0121524 | 001350424 | 密集书库/ [索取号:TN25/25] | 在馆 | |
| 7 | 0121525 | 202193009 | 密集书库/ [索取号:TN25/25] | 在馆 | |
| 8 | 0121526 | 202192965 | 密集书库/ [索取号:TN25/25] | 在馆 | |
| 9 | 0121527 | 001350380 | 第三借阅区/ [索取号:TN25/25] | 在馆 |